BIBLIOTHÈQUE DE LA MAISON DU MEXIQUE

Logo 1 Logo 2

Mito y realidad en Zuyuá (notice nᵒ 884)

détails MARC
000 -Sello discográfico
campo de control de longitud fija 01538nam a2200373 4500
005 - Identificación de versión
campo de control 20251016082506.0
010 ## - Número Estándar Internacional de Libros (ISBN)
Número (ISBN) 968-16-5889-2
099 ## - fechas locales
Tipo de ítem Koha LIBRO
100 ## - Datos de procesamiento general
Datos de procesamiento general 19960718d1999 m y1spay5003 ba
105 ## - Campo de datos codificados: Material textual, monográfico
Datos codificados de monografía a 001zy
200 1# - Título y mención de responsabilidad
Título propio Mito y realidad en Zuyuá
Designación general del material texto impreso
Otra información del título serpiente emplumada y las transformaciones mesoamericanas del clásico al posclásico
Primer mención de responsabilidad Alfredo López Austin, Leonardo López Luján
Declaración de responsabilidad subsiguiente coordinación Alicia Hernández Chávez
205 ## - Declaración de edición
Declaración de edición 1a ed
210 ## - Publicación, distribución, etc.
Lugar de publicación, distribución, etc. México
Nombre del editor, distribuidor, etc. El Colegio de México
-- Fideicomiso Historia de las Américas
-- Fondo de Cultura Económica
Fecha de publicación, distribución, etc. 1999
215 ## - Descripción física
Designación de material específico y extensión del ítem 168 p
Otras características físicas il.
Dimensiones 23 cm
320 ## - Nota de índices/bibliografías internas
Texto de la nota Incluye bibliografía p.145-166
345 ## - Nota de información de adquisición
Fuente de adquisición/dirección de la suscripción [OBSOLETO] Donación
410 #1 - Series
Título Fideicomiso Historia de las Américas
Nombre de parte o sección Serie Ensayos
410 #1 - Series
Título Sección de Obras de Historia
600 ## - Nombre personal usado como materia
Elemento de entrada Quetzalcóatl (Deidad azteca)
Número Koha 2147
606 ## - Término temático usado como materia
Elemento de entrada Indios de México
Subdivisión temática Política y gobierno
Número Koha 2392
606 ## - Término temático usado como materia
Elemento de entrada Mitología indígena
Subdivisión geográfica México
Número Koha 2393
607 ## - Nombre geográfico utilizado como tema
Elemento de entrada Tula de Allende, Hidalgo (México)
Subdivisión temática Antigüedades
Número Koha 2394
660 ## - Código de área geográfica
Código MX
700 ## - Nombre personal - Responsabilidad primaria
Elemento de entrada López Austin
Parte del nombre distinta del elemento de entrada Alfredo
Fechas 1936-2021
Número Koha 1269
701 ## - Nombre personal - Responsabilidad alternativa
Elemento de entrada López Luján
Parte del nombre distinta del elemento de entrada Leonardo Náuhmitl
Fechas 1964-
Número Koha 2395
702 ## - Nombre personal - Responsabilidad secundaria
Elemento de entrada Hernández Chávez
Parte del nombre distinta del elemento de entrada Alicia
Fechas 1943-
Número Koha 2396
801 #0 - Fuente de origen
País FR
Agencia cm
Reglas de catalogación (convenciones descriptivas) AFNOR
900 ## -
-- 1/12539
900 ## -
-- 710962032\\180796
942 ## - ELEMENTOS DE ENTRADA SECUNDARIOS (KOHA)
Tipo de ítem Koha Livre
996 ## -
-- MEX
-- 751145101
-- MMAG
-- 001125
-- 972.01 L864M
-- 20191014LIV
Exemplaires
Estatus retirado Estado de daño Estado de pérdida Fecha de adquisición Biblioteca de origen Biblioteca actual Ubicación en estantería Código de barras Precio de reemplazo Signatura topográfica completa No para préstamo Tipo de ítem Koha Nota pública Nota no pública
      05/08/2025 Casa México Paris Casa México Paris   001125 05/08/2025 972.01 L864M   Livre 20191014LIV 751145101